| 000 | 004870000a22001690004500 | ||
|---|---|---|---|
| 001 | 004366 | ||
| 003 | MACL | ||
| 005 | 20150701155040.0 | ||
| 008 | 150701b xxu||||| |||| 00| 0 eng d | ||
| 040 |
_aMACL _cMACL |
||
| 082 | _a294.592/BHA | ||
| 100 |
_aShastri, J.L. _9355 |
||
| 245 |
_aAncient IndianTradition & Mythology Volume 50 Part 1 _bThe Skanda P̜urana Part 2 _cJ.L. Shastri |
||
| 260 |
_aMotilal Banarsidass Publishers, _c1992 |
||
| 650 |
_aReligion _9356 |
||
| 942 |
_k296 _cBK _2ddc |
||
| 999 |
_c16257 _d16257 |
||